[Event "DEM U16 2018"]
[Site "Willingen GER"]
[Date "2018.05.22"]
[Round "4"]
[White "Wensing, Maximilian"]
[Black "Knüdel, Torben"]
[Result "0-1"]
[Termination "normal"]
[Board "8"]
[WhiteElo "2088"]
[BlackElo "2034"]
[WhiteClock "00:20:50"]
[BlackClock "00:24:22"]
[PlyCount "60"]
[WhiteFideId "16222415"]
[BlackFideId "16208820"]
[EventCountry "GER"]
[EventRounds "9"]
[EventType "swiss"]
[EventDate "2018.05.19"]

1. e4 {[%clk 1:30:58]} 1... c5 {[%clk 1:30:57]} 2. Nf3 {[%clk 1:31:23]} 2... d6
{[%clk 1:31:24]} 3. d4 {[%clk 1:31:44]} 3... cxd4 {[%clk 1:31:53]} 4. Nxd4 {
[%clk 1:32:06]} 4... Nf6 {[%clk 1:32:20]} 5. Nc3 {[%clk 1:32:23]} 5... a6 {
[%clk 1:32:46]} 6. Bg5 {[%clk 1:31:52]} 6... Nbd7 {[%clk 1:33:09]} 7. Qe2 {
[%clk 1:25:21]} 7... h6 {[%clk 1:33:12]} 8. Bxf6 {[%clk 1:21:33]} 8... Nxf6 {
[%clk 1:29:18]} 9. O-O-O {[%clk 1:21:55]} 9... Qc7 {[%clk 1:24:58]} 10. h3 {
[%clk 1:19:21]} 10... b5 {[%clk 1:18:52]} 11. g4 {[%clk 1:18:00]} 11... b4 {
[%clk 1:11:01]} 12. Nd5 {[%clk 1:18:12]} 12... Nxd5 {[%clk 1:11:23]} 13. exd5 {
[%clk 1:18:37]} 13... Bb7 {[%clk 1:10:29]} 14. Bg2 {[%clk 1:17:58]} 14... g6 {
[%clk 1:04:01]} 15. Rhe1 {[%clk 1:14:10]} 15... Bg7 {[%clk 1:03:34]} 16. f4 {
[%clk 1:09:31]} 16... Rc8 {[%clk 1:00:53]} 17. Nc6 {[%clk 1:00:12]} 17... Bxc6
{[%clk 1:01:15]} 18. dxc6 {[%clk 1:00:37]} 18... Bf6 {[%clk 0:58:32]} 19. Qe3 {
[%clk 0:55:13]} 19... Kf8 {[%clk 0:51:16]} 20. Kb1 {[%clk 0:48:52]} 20... Kg7 {
[%clk 0:42:00]} 21. f5 {[%clk 0:43:29]} 21... g5 {[%clk 0:41:35]} 22. Bf3 {
[%clk 0:43:12]} 22... a5 {[%clk 0:38:05]} 23. Qd3 {[%clk 0:37:03]} 23... Ra8 {
[%clk 0:34:13]} 24. Qc4 {[%clk 0:34:04]} 24... Rhb8 {[%clk 0:32:42]} 25. Bd5 {
[%clk 0:27:38]} 25... Rb6 {[%clk 0:30:34]} 26. Re2 {[%clk 0:24:46]} 26... a4 {
[%clk 0:30:03]} 27. Bxf7 {[%clk 0:21:41]} 27... Rxc6 {[%clk 0:27:58]} 28. Qe6 {
[%clk 0:22:04]} 28... d5 {[%clk 0:24:59]} 29. Qxd5 {[%clk 0:20:27]} 29... Rd6 {
[%clk 0:24:02]} 30. Qh1 {[%clk 0:20:50]} 30... Kxf7 {[%clk 0:24:22]} 0-1

[Event "DEM U16 2018"]
[Site "Willingen GER"]
[Date "2018.05.22"]
[Round "4"]
[White "Bosselmann, Tom Linus"]
[Black "Holinka, Henning"]
[Result "0-1"]
[Termination "normal"]
[Board "9"]
[WhiteElo "2082"]
[BlackElo "2185"]
[WhiteClock "00:07:28"]
[BlackClock "00:13:24"]
[PlyCount "62"]
[WhiteFideId "12983845"]
[BlackFideId "12967084"]
[EventCountry "GER"]
[EventRounds "9"]
[EventType "swiss"]
[EventDate "2018.05.19"]

1. d4 {[%clk 1:30:46]} 1... g6 {[%clk 1:30:53]} 2. Nf3 {[%clk 1:31:10]} 2...
Bg7 {[%clk 1:31:17]} 3. e4 {[%clk 1:31:31]} 3... d6 {[%clk 1:31:10]} 4. Bc4 {
[%clk 1:31:53]} 4... Nf6 {[%clk 1:30:44]} 5. Qe2 {[%clk 1:31:25]} 5... O-O {
[%clk 1:28:14]} 6. h3 {[%clk 1:29:14]} 6... e6 {[%clk 1:23:29]} 7. Bb3 { [%clk
1:27:22]} 7... b6 {[%clk 1:21:28]} 8. Bg5 {[%clk 1:21:36]} 8... h6 { [%clk
1:17:48]} 9. Bh4 {[%clk 1:20:26]} 9... g5 {[%clk 1:14:57]} 10. Nxg5 { [%clk
1:08:04]} 10... hxg5 {[%clk 1:12:27]} 11. Bxg5 {[%clk 1:08:10]} 11... Qe8
{[%clk 1:07:19]} 12. Nd2 {[%clk 1:00:02]} 12... Bb7 {[%clk 1:00:12]} 13. h4 {
[%clk 0:57:16]} 13... Nh7 {[%clk 0:53:49]} 14. Be3 {[%clk 0:55:28]} 14... c5 {
[%clk 0:51:09]} 15. c3 {[%clk 0:51:14]} 15... cxd4 {[%clk 0:41:29]} 16. cxd4 {
[%clk 0:49:36]} 16... Nc6 {[%clk 0:40:11]} 17. Nf3 {[%clk 0:40:03]} 17... e5 {
[%clk 0:34:07]} 18. Rd1 {[%clk 0:20:53]} 18... exd4 {[%clk 0:28:48]} 19. Nxd4 {
[%clk 0:15:18]} 19... Qxe4 {[%clk 0:24:19]} 20. Bc2 {[%clk 0:14:46]} 20... Qxg2
{[%clk 0:21:00]} 21. Kd2 {[%clk 0:13:30]} 21... Nxd4 {[%clk 0:19:14]} 22. Bxd4
{[%clk 0:13:07]} 22... Qd5 {[%clk 0:18:14]} 23. Kc1 {[%clk 0:10:32]} 23... Bxd4
{[%clk 0:15:37]} 24. Qd3 {[%clk 0:07:03]} 24... Bxb2+ {[%clk 0:14:21]} 25. Kxb2
{[%clk 0:06:41]} 25... Qxd3 {[%clk 0:14:29]} 26. Rhg1+ {[%clk 0:07:10]} 26...
Qg6 {[%clk 0:14:27]} 27. Bxg6 {[%clk 0:07:08]} 27... fxg6 {[%clk 0:14:28]} 28.
Rxg6+ {[%clk 0:07:13]} 28... Kh8 {[%clk 0:14:11]} 29. Rdxd6 {[%clk 0:07:38]}
29... Rxf2+ {[%clk 0:14:09]} 30. Kb3 {[%clk 0:07:37]} 30... Raf8 { [%clk
0:13:24]} 31. Rd7 {[%clk 0:07:28]} 31... R2f7 0-1

[Event "DEM U16 2018"]
[Site "Willingen GER"]
[Date "2018.05.22"]
[Round "4"]
[White "Richter, Nils"]
[Black "Nöldner, Julian"]
[Result "0-1"]
[Termination "normal"]
[Board "10"]
[WhiteElo "2096"]
[BlackElo "1982"]
[WhiteClock "00:05:26"]
[BlackClock "00:36:05"]
[PlyCount "82"]
[WhiteFideId "12990809"]
[BlackFideId "16218744"]
[EventCountry "GER"]
[EventRounds "9"]
[EventType "swiss"]
[EventDate "2018.05.19"]

1. e4 {[%clk 1:30:59]} 1... e5 {[%clk 1:30:39]} 2. Nf3 {[%clk 1:31:21]} 2...
Nc6 {[%clk 1:31:04]} 3. Bb5 {[%clk 1:31:46]} 3... Nf6 {[%clk 1:31:15]} 4. O-O {
[%clk 1:32:07]} 4... Nxe4 {[%clk 1:31:42]} 5. d4 {[%clk 1:32:30]} 5... Nd6 {
[%clk 1:32:04]} 6. dxe5 {[%clk 1:32:52]} 6... Nxb5 {[%clk 1:30:15]} 7. a4 {
[%clk 1:32:32]} 7... Nbd4 {[%clk 1:27:40]} 8. Nxd4 {[%clk 1:32:56]} 8... d5 {
[%clk 1:27:31]} 9. exd6 {[%clk 1:33:07]} 9... Nxd4 {[%clk 1:27:53]} 10. Qxd4 {
[%clk 1:32:23]} 10... Qxd6 {[%clk 1:28:18]} 11. Qe3+ {[%clk 1:32:13]} 11... Be6
{[%clk 1:28:40]} 12. Nc3 {[%clk 1:31:49]} 12... a6 {[%clk 1:28:55]} 13. Rd1 {
[%clk 1:29:51]} 13... Qc6 {[%clk 1:28:15]} 14. Qg3 {[%clk 1:22:21]} 14... Bd6 {
[%clk 1:28:24]} 15. Bf4 {[%clk 1:21:41]} 15... Bxf4 {[%clk 1:28:49]} 16. Qxf4 {
[%clk 1:22:04]} 16... O-O {[%clk 1:29:15]} 17. Rd3 {[%clk 1:06:47]} 17... Rad8
{[%clk 1:27:37]} 18. Rad1 {[%clk 1:04:51]} 18... Rxd3 {[%clk 1:24:30]} 19. Rxd3
{[%clk 1:04:33]} 19... Re8 {[%clk 1:24:51]} 20. h4 {[%clk 1:02:25]} 20... Qc4 {
[%clk 1:04:12]} 21. Qxc4 {[%clk 0:45:19]} 21... Bxc4 {[%clk 1:04:19]} 22. Rd7 {
[%clk 0:45:41]} 22... Rc8 {[%clk 1:04:43]} 23. Kh2 {[%clk 0:45:15]} 23... Kf8 {
[%clk 1:04:51]} 24. Kg3 {[%clk 0:45:02]} 24... Be6 {[%clk 1:04:32]} 25. Rd2 {
[%clk 0:43:41]} 25... Ke7 {[%clk 1:04:42]} 26. Kf4 {[%clk 0:40:30]} 26... Rd8 {
[%clk 1:04:56]} 27. Rxd8 {[%clk 0:40:22]} 27... Kxd8 {[%clk 1:05:22]} 28. Ne2 {
[%clk 0:26:42]} 28... Ke7 {[%clk 1:02:15]} 29. Nd4 {[%clk 0:22:38]} 29... Bd7 {
[%clk 1:02:40]} 30. b3 {[%clk 0:20:52]} 30... f6 {[%clk 0:51:28]} 31. Ke3 {
[%clk 0:14:44]} 31... c5 {[%clk 0:47:05]} 32. Ne2 {[%clk 0:13:25]} 32... c4 {
[%clk 0:46:06]} 33. Kd4 {[%clk 0:12:03]} 33... cxb3 {[%clk 0:45:02]} 34. cxb3 {
[%clk 0:12:32]} 34... Kd6 {[%clk 0:45:13]} 35. g3 {[%clk 0:10:32]} 35... b6 {
[%clk 0:42:15]} 36. Nf4 {[%clk 0:08:10]} 36... Be6 {[%clk 0:37:21]} 37. Nxe6 {
[%clk 0:05:46]} 37... Kxe6 {[%clk 0:37:48]} 38. b4 {[%clk 0:05:43]} 38... h5 {
[%clk 0:36:02]} 39. a5 {[%clk 0:04:57]} 39... bxa5 {[%clk 0:36:12]} 40. bxa5 {
[%clk 0:05:26]} 40... Kd6 {[%clk 0:36:05]} 41. f3 f5 0-1

[Event "DEM U16 2018"]
[Site "Willingen GER"]
[Date "2018.05.22"]
[Round "4"]
[White "Köhler, Lukas"]
[Black "Mohammadi Nia, Borna"]
[Result "1-0"]
[Termination "normal"]
[Board "11"]
[WhiteElo "1852"]
[BlackElo "2029"]
[WhiteClock "00:01:39"]
[BlackClock "00:07:42"]
[PlyCount "79"]
[WhiteFideId "16221990"]
[BlackFideId "16207319"]
[EventCountry "GER"]
[EventRounds "9"]
[EventType "swiss"]
[EventDate "2018.05.19"]

1. e4 {[%clk 1:30:57]} 1... e6 {[%clk 1:30:58]} 2. d4 {[%clk 1:31:01]} 2... d5
{[%clk 1:31:25]} 3. Bd3 {[%clk 1:31:13]} 3... dxe4 {[%clk 1:31:14]} 4. Bxe4 {
[%clk 1:31:42]} 4... Nf6 {[%clk 1:31:39]} 5. Bf3 {[%clk 1:31:53]} 5... c5 {
[%clk 1:31:55]} 6. Ne2 {[%clk 1:32:13]} 6... Nc6 {[%clk 1:31:45]} 7. Be3 {
[%clk 1:32:08]} 7... Be7 {[%clk 1:18:52]} 8. Nbc3 {[%clk 1:27:49]} 8... O-O {
[%clk 1:15:03]} 9. dxc5 {[%clk 1:14:23]} 9... Ne5 {[%clk 1:12:19]} 10. Qxd8 {
[%clk 0:55:55]} 10... Rxd8 {[%clk 1:11:49]} 11. Nc1 {[%clk 0:55:54]} 11...
Nxf3+ {[%clk 0:53:21]} 12. gxf3 {[%clk 0:55:55]} 12... Nd5 {[%clk 0:52:41]} 13.
Nxd5 {[%clk 0:48:31]} 13... Rxd5 {[%clk 0:49:38]} 14. Nd3 {[%clk 0:47:01]}
14... Bd7 {[%clk 0:47:08]} 15. a4 {[%clk 0:32:46]} 15... Bc6 {[%clk 0:44:44]}
16. Rg1 {[%clk 0:16:36]} 16... Bf6 {[%clk 0:40:59]} 17. Ke2 {[%clk 0:15:26]}
17... Rh5 {[%clk 0:40:21]} 18. Bf4 {[%clk 0:11:56]} 18... e5 {[%clk 0:37:47]}
19. Bg3 {[%clk 0:11:13]} 19... Rf5 {[%clk 0:37:38]} 20. f4 {[%clk 0:09:46]}
20... exf4 {[%clk 0:37:19]} 21. Bxf4 {[%clk 0:10:05]} 21... Bxb2 { [%clk
0:33:04]} 22. Rab1 {[%clk 0:05:46]} 22... Bd4 {[%clk 0:30:01]} 23. Rb4 { [%clk
0:03:47]} 23... Re8+ {[%clk 0:20:59]} 24. Kd2 {[%clk 0:02:30]} 24... Re4 {[%clk
0:15:04]} 25. c3 {[%clk 0:01:06]} 25... Bxf2 {[%clk 0:10:04]} 26. Rxe4 { [%clk
0:00:36]} 26... Bxe4 {[%clk 0:08:55]} 27. Nxf2 {[%clk 0:00:37]} 27... Rxf4
{[%clk 0:09:24]} 28. Ke3 {[%clk 0:00:36]} 28... Rf3+ {[%clk 0:09:49]} 29. Kxe4
{[%clk 0:00:39]} 29... Rxf2 {[%clk 0:10:14]} 30. Rb1 {[%clk 0:00:37]} 30...
Rxh2 {[%clk 0:04:41]} 31. Rxb7 {[%clk 0:00:58]} 31... f5+ {[%clk 0:05:03] } 32.
Kxf5 {[%clk 0:00:40]} 32... g6+ {[%clk 0:05:16]} 33. Ke6 {[%clk 0:00:43]} 33...
Rc2 {[%clk 0:05:40]} 34. c6 {[%clk 0:00:38]} 34... Rxc3 {[%clk 0:06:07]} 35. c7
{[%clk 0:01:07]} 35... Re3+ {[%clk 0:06:18]} 36. Kd7 {[%clk 0:01:17]} 36...
Rd3+ {[%clk 0:06:43]} 37. Kc6 {[%clk 0:00:51]} 37... Rc3+ {[%clk 0:07:09] } 38.
Kb5 {[%clk 0:00:55]} 38... h5 {[%clk 0:07:15]} 39. Rb8+ {[%clk 0:01:15]} 39...
Kg7 {[%clk 0:07:42]} 40. c8=Q {[%clk 0:01:39]} 1-0

[Event "DEM U16 2018"]
[Site "Willingen GER"]
[Date "2018.05.22"]
[Round "4"]
[White "Yankelevich, Michael"]
[Black "Recktenwald, Cedric"]
[Result "1-0"]
[Termination "normal"]
[Board "12"]
[WhiteElo "1986"]
[BlackElo "1826"]
[WhiteClock "00:49:42"]
[BlackClock "00:01:01"]
[PlyCount "75"]
[WhiteFideId "12921440"]
[BlackFideId "12971928"]
[EventCountry "GER"]
[EventRounds "9"]
[EventType "swiss"]
[EventDate "2018.05.19"]

1. e4 {[%clk 1:30:58]} 1... c6 {[%clk 1:30:55]} 2. d4 {[%clk 1:30:19]} 2... d5
{[%clk 1:31:12]} 3. Nc3 {[%clk 1:28:09]} 3... dxe4 {[%clk 1:30:15]} 4. Nxe4 {
[%clk 1:28:01]} 4... Bf5 {[%clk 1:30:38]} 5. Ng3 {[%clk 1:28:19]} 5... Bg6 {
[%clk 1:30:47]} 6. Nh3 {[%clk 1:28:40]} 6... Nf6 {[%clk 1:30:05]} 7. Nf4 {
[%clk 1:28:39]} 7... Nbd7 {[%clk 1:28:16]} 8. h4 {[%clk 1:27:00]} 8... e5 {
[%clk 1:26:49]} 9. Nxg6 {[%clk 1:26:29]} 9... hxg6 10. dxe5 10... Qa5+ { [%clk
1:25:47]} 11. Bd2 {[%clk 1:26:30]} 11... Qxe5+ {[%clk 1:25:51]} 12. Qe2 { [%clk
1:26:52]} 12... Bc5 {[%clk 1:24:19]} 13. Bc3 {[%clk 1:22:07]} 13... Qxe2+
{[%clk 1:22:49]} 14. Bxe2 {[%clk 1:21:39]} 14... O-O-O {[%clk 1:23:05]} 15. a4
{[%clk 1:14:07]} 15... Rde8 {[%clk 1:17:44]} 16. Kf1 {[%clk 1:13:06]} 16... Rh7
{[%clk 0:37:44]} 17. Bc4 {[%clk 1:04:46]} 17... Ng4 {[%clk 0:35:21]} 18. b4 {
[%clk 1:00:11]} 18... Bxf2 {[%clk 0:34:06]} 19. Bxf7 {[%clk 1:00:34]} 19... Rf8
{[%clk 0:26:48]} 20. Ne4 {[%clk 0:59:11]} 20... Rxh4 {[%clk 0:16:07]} 21. Ke2 {
[%clk 0:57:42]} 21... Nge5 {[%clk 0:08:44]} 22. Nxf2 {[%clk 0:54:05]} 22...
Rxh1 {[%clk 0:09:09]} 23. Rxh1 {[%clk 0:54:12]} 23... Rxf7 {[%clk 0:09:16]} 24.
Ne4 {[%clk 0:54:29]} 24... Re7 {[%clk 0:08:29]} 25. Kf2 {[%clk 0:54:08]} 25...
Kc7 {[%clk 0:07:45]} 26. Rd1 {[%clk 0:53:52]} 26... Nb6 {[%clk 0:06:32]} 27.
Nc5 {[%clk 0:52:15]} 27... Nd5 {[%clk 0:06:18]} 28. Be1 {[%clk 0:51:51]} 28...
g5 {[%clk 0:03:45]} 29. Kg1 {[%clk 0:51:56]} 29... Ng6 {[%clk 0:03:37]} 30. c4
{[%clk 0:51:05]} 30... Ndf4 {[%clk 0:03:00]} 31. g3 {[%clk 0:50:19]} 31... Nh3+
{[%clk 0:01:51]} 32. Kg2 {[%clk 0:49:55]} 32... g4 {[%clk 0:02:16]} 33. Bc3 {
[%clk 0:50:08]} 33... Re2+ {[%clk 0:01:27]} 34. Kf1 {[%clk 0:50:25]} 34... Re7
{[%clk 0:00:41]} 35. Rd4 {[%clk 0:48:47]} 35... Rf7+ {[%clk 0:00:36]} 36. Ke1 {
[%clk 0:48:51]} 36... Ne5 {[%clk 0:00:36]} 37. Ne6+ {[%clk 0:49:16]} 37... Kb6
{[%clk 0:01:01]} 38. a5+ {[%clk 0:49:42]} 1-0

[Event "DEM U16 2018"]
[Site "Willingen GER"]
[Date "2018.05.22"]
[Round "4"]
[White "Woithe, Daniel"]
[Black "Hoffmann, Lennard"]
[Result "0-1"]
[Termination "normal"]
[Board "13"]
[WhiteElo "1894"]
[BlackElo "2013"]
[WhiteClock "00:00:54"]
[BlackClock "00:27:01"]
[PlyCount "80"]
[WhiteFideId "16244648"]
[BlackFideId "12943495"]
[EventCountry "GER"]
[EventRounds "9"]
[EventType "swiss"]
[EventDate "2018.05.19"]

1. e4 {[%clk 1:30:59]} 1... e5 {[%clk 1:30:57]} 2. Nf3 {[%clk 1:31:23]} 2...
Nc6 {[%clk 1:31:21]} 3. Bb5 {[%clk 1:31:48]} 3... Nd4 {[%clk 1:31:41]} 4. Nxd4
{[%clk 1:29:22]} 4... exd4 {[%clk 1:32:04]} 5. d3 {[%clk 1:23:46]} 5... Bc5 {
[%clk 1:27:22]} 6. O-O {[%clk 1:23:37]} 6... c6 {[%clk 1:27:35]} 7. Bc4 { [%clk
1:23:31]} 7... d5 {[%clk 1:27:54]} 8. exd5 {[%clk 1:22:39]} 8... cxd5 { [%clk
1:28:06]} 9. Bb5+ {[%clk 1:13:50]} 9... Kf8 {[%clk 1:28:24]} 10. c3 { [%clk
1:04:54]} 10... h5 {[%clk 1:23:19]} 11. Ba4 {[%clk 0:43:15]} 11... Bg4 { [%clk
1:18:43]} 12. Qd2 {[%clk 0:43:10]} 12... Ne7 {[%clk 1:15:27]} 13. cxd4 { [%clk
0:36:22]} 13... Bxd4 {[%clk 1:11:25]} 14. Nc3 {[%clk 0:36:43]} 14... Rh6 {[%clk
1:08:35]} 15. Qf4 {[%clk 0:33:58]} 15... Bb6 {[%clk 1:04:43]} 16. Bd2 { [%clk
0:26:49]} 16... Bc7 {[%clk 1:01:55]} 17. Qd4 {[%clk 0:25:31]} 17... Rg6 { [%clk
0:59:13]} 18. Bd1 {[%clk 0:24:15]} 18... Qd6 {[%clk 0:56:11]} 19. g3 { [%clk
0:24:39]} 19... a6 {[%clk 0:49:33]} 20. Kg2 {[%clk 0:21:09]} 20... Bxd1 { [%clk
0:43:41]} 21. Raxd1 {[%clk 0:21:18]} 21... Rg4 {[%clk 0:44:01]} 22. f4 { [%clk
0:20:07]} 22... h4 {[%clk 0:41:00]} 23. Rf3 {[%clk 0:19:12]} 23... Rd8 { [%clk
0:39:41]} 24. Qe5 {[%clk 0:14:53]} 24... h3+ {[%clk 0:35:29]} 25. Kh1 { [%clk
0:14:21]} 25... Qxe5 {[%clk 0:34:49]} 26. fxe5 {[%clk 0:14:48]} 26... Bxe5
{[%clk 0:34:47]} 27. Rdf1 {[%clk 0:13:22]} 27... f5 {[%clk 0:27:45]} 28. Rxf5+
{[%clk 0:05:04]} 28... Nxf5 {[%clk 0:27:47]} 29. Rxf5+ {[%clk 0:05:30]} 29...
Bf6 {[%clk 0:27:48]} 30. Nxd5 {[%clk 0:05:05]} 30... Rd4 {[%clk 0:27:05]} 31.
Nxf6 {[%clk 0:01:37]} 31... gxf6 {[%clk 0:27:21]} 32. Rxf6+ {[%clk 0:01:40] }
32... Kg8 {[%clk 0:26:22]} 33. Rf1 {[%clk 0:01:03]} 33... Rxd3 { [%clk
0:26:47]} 34. Bc3 {[%clk 0:01:25]} 34... Rd1 {[%clk 0:25:30]} 35. Kg1 { [%clk
0:01:33]} 35... Rxf1+ {[%clk 0:25:54]} 36. Kxf1 {[%clk 0:01:56]} 36... Rd1+
{[%clk 0:26:10]} 37. Ke2 {[%clk 0:01:03]} 37... Rh1 {[%clk 0:26:27]} 38. Kf3
{[%clk 0:01:08]} 38... Rxh2 {[%clk 0:26:49]} 39. g4 {[%clk 0:00:48]} 39... Re2
{[%clk 0:26:37]} 40. Kg3 {[%clk 0:00:54]} 40... h2 {[%clk 0:27:01]} 0-1

[Event "DEM U16 2018"]
[Site "Willingen GER"]
[Date "2018.05.23"]
[Round "5"]
[White "Engel, Luis"]
[Black "Wachinger, Nikolas"]
[Result "1/2-1/2"]
[Termination "normal"]
[Board "1"]
[WhiteElo "2461"]
[BlackElo "2208"]
[WhiteClock "00:25:33"]
[BlackClock "00:28:10"]
[PlyCount "95"]
[WhiteFideId "12961523"]
[BlackFideId "12962791"]
[EventCountry "GER"]
[EventRounds "9"]
[EventType "swiss"]
[EventDate "2018.05.19"]

1. e4 {[%clk 1:30:58]} 1... c5 {[%clk 1:30:50]} 2. Nc3 {[%clk 1:31:23]} 2... d6
{[%clk 1:30:33]} 3. f4 {[%clk 1:31:47]} 3... Nc6 {[%clk 1:30:15]} 4. Nf3 {
[%clk 1:32:11]} 4... g6 {[%clk 1:30:37]} 5. Bb5 {[%clk 1:32:37]} 5... Bd7 {
[%clk 1:28:36]} 6. d3 {[%clk 1:32:39]} 6... Bg7 {[%clk 1:25:29]} 7. O-O { [%clk
1:31:38]} 7... Nf6 {[%clk 1:13:20]} 8. Bxc6 {[%clk 1:31:43]} 8... Bxc6 { [%clk
1:11:55]} 9. Qe1 {[%clk 1:32:01]} 9... e6 {[%clk 0:59:30]} 10. Qh4 { [%clk
1:25:39]} 10... d5 {[%clk 0:43:30]} 11. Re1 {[%clk 1:10:26]} 11... dxe4 { [%clk
0:30:23]} 12. dxe4 {[%clk 1:10:13]} 12... Nh5 {[%clk 0:30:34]} 13. Qf2 { [%clk
1:07:53]} 13... Bxc3 {[%clk 0:18:17]} 14. bxc3 {[%clk 1:08:16]} 14... Nf6
{[%clk 0:18:22]} 15. Nd2 {[%clk 0:54:12]} 15... Qa5 {[%clk 0:10:42]} 16. Bb2 {
[%clk 0:50:37]} 16... O-O-O {[%clk 0:10:16]} 17. Nb3 {[%clk 0:47:28]} 17... Qb6
{[%clk 0:10:20]} 18. Qxc5 {[%clk 0:43:41]} 18... Qxc5+ {[%clk 0:04:59]} 19.
Nxc5 {[%clk 0:44:06]} 19... Nd7 {[%clk 0:05:20]} 20. Nd3 {[%clk 0:43:09]} 20...
f6 {[%clk 0:04:53]} 21. c4 {[%clk 0:41:15]} 21... Rhf8 {[%clk 0:04:08]} 22.
Rad1 {[%clk 0:34:30]} 22... Nb6 {[%clk 0:03:04]} 23. c5 {[%clk 0:33:34]} 23...
Nc4 {[%clk 0:03:25]} 24. Bc3 {[%clk 0:31:03]} 24... Na3 {[%clk 0:03:03]} 25.
Re2 {[%clk 0:28:14]} 25... Ba4 {[%clk 0:03:05]} 26. Nb2 {[%clk 0:26:45]} 26...
Rxd1+ {[%clk 0:03:10]} 27. Nxd1 {[%clk 0:27:14]} 27... Bxc2 {[%clk 0:02:38]}
28. Nb2 {[%clk 0:25:39]} 28... Bb1 {[%clk 0:02:17]} 29. c6 {[%clk 0:23:36]}
29... Nb5 {[%clk 0:02:07]} 30. Bb4 {[%clk 0:23:32]} 30... Re8 {[%clk 0:02:10]}
31. cxb7+ {[%clk 0:20:45]} 31... Kxb7 {[%clk 0:02:38]} 32. Na4 {[%clk 0:20:26]}
32... Ka8 {[%clk 0:01:37]} 33. Nc5 {[%clk 0:19:53]} 33... Nd6 {[%clk 0:01:33]}
34. a3 {[%clk 0:11:55]} 34... f5 {[%clk 0:01:34]} 35. e5 {[%clk 0:08:34]} 35...
Ne4 {[%clk 0:01:48]} 36. Rb2 {[%clk 0:02:41]} 36... Nxc5 {[%clk 0:01:42]} 37.
Bxc5 {[%clk 0:02:44]} 37... Be4 {[%clk 0:01:58]} 38. Bd6 {[%clk 0:02:27]} 38...
Rc8 {[%clk 0:02:04]} 39. h3 {[%clk 0:01:53]} 39... a6 {[%clk 0:01:50]} 40. Kh2
{[%clk 0:01:58]} 40... Rc2 {[%clk 0:29:11]} 41. Rxc2 {[%clk 0:32:06]} 41...
Bxc2 {[%clk 0:29:28]} 42. Kg3 {[%clk 0:30:04]} 42... Be4 {[%clk 0:27:32]} 43.
Kh4 Kb7 44. g3 {[%clk 0:26:20]} 44... Kc6 {[%clk 0:27:50]} 45. Kg5 { [%clk
0:26:45]} 45... Bg2 {[%clk 0:28:12]} 46. h4 {[%clk 0:25:35]} 46... h5 { [%clk
0:27:47]} 47. Kxg6 {[%clk 0:25:16]} 47... Bf3 {[%clk 0:28:10]} 48. Kf6 { [%clk
0:25:33]} 1/2-1/2

[Event "DEM U16 2018"]
[Site "Willingen GER"]
[Date "2018.05.23"]
[Round "5"]
[White "Pajeken, Jakob Leon"]
[Black "Färber, David"]
[Result "1/2-1/2"]
[Termination "normal"]
[Board "2"]
[WhiteElo "2278"]
[BlackElo "2256"]
[WhiteClock "00:33:53"]
[BlackClock "00:30:18"]
[PlyCount "83"]
[WhiteFideId "12942839"]
[BlackFideId "12971294"]
[EventCountry "GER"]
[EventRounds "9"]
[EventType "swiss"]
[EventDate "2018.05.19"]

1. d4 {[%clk 1:30:56]} 1... Nf6 {[%clk 1:30:39]} 2. Nf3 {[%clk 1:31:14]} 2...
d5 {[%clk 1:30:57]} 3. c4 {[%clk 1:31:35]} 3... c6 {[%clk 1:31:16]} 4. Nbd2 {
[%clk 1:31:57]} 4... Bf5 {[%clk 1:27:16]} 5. Nh4 {[%clk 1:31:56]} 5... Be4 {
[%clk 1:20:03]} 6. f3 {[%clk 1:26:28]} 6... Bg6 {[%clk 1:19:58]} 7. Nxg6 {
[%clk 1:26:15]} 7... hxg6 {[%clk 1:20:18]} 8. Qb3 {[%clk 1:18:17]} 8... Qc7 {
[%clk 1:09:36]} 9. e4 {[%clk 1:13:45]} 9... e6 {[%clk 1:07:14]} 10. e5 { [%clk
1:08:48]} 10... dxc4 {[%clk 1:01:52]} 11. Bxc4 {[%clk 1:08:26]} 11... Nd5
{[%clk 1:01:53]} 12. Ne4 {[%clk 1:01:43]} 12... Qb6 {[%clk 0:53:34]} 13. Qxb6 {
[%clk 0:52:37]} 13... Nxb6 {[%clk 0:51:34]} 14. Bd3 {[%clk 0:51:34]} 14... N8d7
{[%clk 0:50:57]} 15. Bd2 {[%clk 0:49:32]} 15... Nd5 {[%clk 0:48:05]} 16. Ke2 {
[%clk 0:47:26]} 16... Be7 {[%clk 0:45:15]} 17. Rac1 {[%clk 0:43:52]} 17... a6 {
[%clk 0:36:02]} 18. g3 {[%clk 0:41:13]} 18... Nc7 {[%clk 0:29:57]} 19. a4 {
[%clk 0:36:57]} 19... Nd5 {[%clk 0:28:44]} 20. h4 {[%clk 0:33:18]} 20... a5 {
[%clk 0:24:30]} 21. b3 {[%clk 0:29:12]} 21... Nb4 {[%clk 0:23:58]} 22. Bxb4 {
[%clk 0:27:55]} 22... Bxb4 {[%clk 0:23:24]} 23. f4 {[%clk 0:26:04]} 23... Nb6 {
[%clk 0:20:37]} 24. Bc4 {[%clk 0:23:30]} 24... O-O-O {[%clk 0:17:38]} 25. Ke3 {
[%clk 0:19:41]} 25... Rd7 {[%clk 0:16:33]} 26. Ng5 {[%clk 0:17:45]} 26... Kb8 {
[%clk 0:16:08]} 27. Nf3 {[%clk 0:16:31]} 27... Nc8 {[%clk 0:14:30]} 28. g4 {
[%clk 0:15:22]} 28... Ne7 {[%clk 0:13:59]} 29. Ng5 {[%clk 0:14:18]} 29... Rf8 {
[%clk 0:13:44]} 30. Rc2 {[%clk 0:12:52]} 30... Nc8 {[%clk 0:12:39]} 31. h5 {
[%clk 0:11:47]} 31... gxh5 {[%clk 0:12:00]} 32. Rxh5 {[%clk 0:12:02]} 32... Nb6
{[%clk 0:11:33]} 33. Rh7 {[%clk 0:10:12]} 33... c5 {[%clk 0:11:09]} 34. dxc5 {
[%clk 0:10:02]} 34... Bxc5+ {[%clk 0:11:18]} 35. Ke2 {[%clk 0:10:07]} 35...
Nxc4 {[%clk 0:10:07]} 36. Rxc4 {[%clk 0:10:07]} 36... Bb4 {[%clk 0:09:42]} 37.
Ne4 {[%clk 0:09:38]} 37... Rg8 {[%clk 0:09:22]} 38. g5 {[%clk 0:08:40]} 38...
Rd5 {[%clk 0:08:07]} 39. Rc1 {[%clk 0:05:26]} 39... Rd4 {[%clk 0:04:04]} 40.
Rc4 {[%clk 0:04:44]} 40... Rd5 {[%clk 0:04:07]} 41. Rc1 {[%clk 0:02:58]} 41...
Rd4 {[%clk 0:30:18]} 42. Rc4 {[%clk 0:33:53]} 1/2-1/2